00000000nam 2200000zi 4500
0019.946718
003CaOODSP
00520250110120524
006m     o  d f      
007cr |n|||||||||
008250110s1938    onca    o    f000 0 eng d
040 |aCaOODSP|beng|erda|cCaOODSP
043 |an-cn-sn
0861 |aA52-210/1938E-PDF
0861 |zA51-140E-PDF
1001 |aCameron, John, |eauthor.
24510|aExperimental Sub-station, Regina, Sask. : |bresults of experiments, 1931-1936 inclusive / |cJohn Cameron.
264 1|aOttawa : |bMinister of Agriculture, |c1938
300 |a1 online resource (21 pages) : |billustrations
336 |atext|btxt|2rdacontent
337 |acomputer|bc|2rdamedia
338 |aonline resource|bcr|2rdacarrier
500 |aDigitized edition from print [provided by Agriculture and Agri-Food Canada].
61025|bDominion Experimental Substation (Regina, Sask.)
650 0|aAgricultural experiment stations|zSaskatchewan|zRegina.
650 6|aStations agronomiques|zSaskatchewan|zRegina.
7102 |bDominion Experimental Substation (Regina, Sask.), |eissuing body.
7102 |aDominion Experimental Farms and Stations (Canada), |eissuing body.
85640|qPDF|s5.13 MB|uhttps://publications.gc.ca/collections/collection_2025/aac-aafc/A51-140-1936-eng.pdf